| 000 | 00625cab a2200205 4500 | ||
|---|---|---|---|
| 001 | WB2614-09 | ||
| 008 | 090401t1990 xxu||||| |||| 00| 0 eng d | ||
| 035 | _a(Sirsi) u29269 | ||
| 041 | _aeng | ||
| 245 | _aClash over historic buildings | ||
| 260 | _c1990 | ||
| 350 | _a0 | ||
| 490 |
_aTimes _v30/3/90 p3,14(2) |
||
| 520 | _aPeter Palumbo , Chairman of the Arts Council , has proposed that the Arts Council should assume responsibility for some historic and cultural buildings from English Heritage . | ||
| 650 | _aCATHEDRALS | ||
| 650 | _aHISTORIC BUILDINGS | ||
| 690 | _aCON | ||
| 942 | _n0 | ||
| 948 | _c04/03/1997 | ||
| 999 |
_c19709 _d19709 |
||